Fluid mechanics, hydraulic and hydraulic machines (Record no. 3144)

000 -LEADER
fixed length control field 00499nam a22001937a 4500
001 - CONTROL NUMBER
control field 3144
003 - CONTROL NUMBER IDENTIFIER
control field BD-DhUET
008 - FIXED-LENGTH DATA ELEMENTS--GENERAL INFORMATION
fixed length control field 141021b xxu||||| |||| 00| 0 eng d
040 ## - CATALOGING SOURCE
Transcribing agency 0
Modifying agency BD-DhUET
082 ## - DEWEY DECIMAL CLASSIFICATION NUMBER
Classification number 621.2
Item number ARO/1982
100 ## - MAIN ENTRY--PERSONAL NAME
Personal name Arora K R
245 ## - TITLE STATEMENT
Title Fluid mechanics, hydraulic and hydraulic machines
250 ## - EDITION STATEMENT
Edition statement 4th ed.
260 ## - PUBLICATION, DISTRIBUTION, ETC. (IMPRINT)
Place of publication, distribution, etc. Delhi
Name of publisher, distributor, etc. Standard Book House
Date of publication, distribution, etc. 1982
300 ## - PHYSICAL DESCRIPTION
Extent xxiv, 1337 p.
Other physical details ill.
504 ## - BIBLIOGRAPHY, ETC. NOTE
Bibliography, etc Includes bibliographies
650 #0 - SUBJECT ADDED ENTRY--TOPICAL TERM
Topical term or geographic name as entry element Fluid mechanics
942 ## - ADDED ENTRY ELEMENTS (KOHA)
Koha item type General Book
Holdings
Location (home branch) Withdrawn status Koha date last borrowed Source of classification or shelving scheme Copy number Koha normalized classification for sorting Date acquired Koha date last seen Lost status Not for loan Piece designation (barcode) Koha full call number Shelving location Damaged status Koha issues (times borrowed) Koha item type Price effective from Sublocation or collection (holding branch)
Central Library, BUET 2024-02-12 2621_000000000000000_2ARO19822014-10-212024-09-01  58684621.2/ARO/1982Circulation section 3General Book2014-10-21Central Library, BUET
Central Library, BUET 2022-08-27 1621_000000000000000_2ARO19822014-10-222023-01-11  57312621.2/ARO/1982Circulation section 5General Book2014-10-22Central Library, BUET
Central Library, BUET 2025-08-12 3621_000000000000000_2ARO19822014-11-162025-08-23  58685621.2/ARO/1982Circulation section 3General Book2014-11-16Central Library, BUET
Central Library, BUET 2014-12-08 4621_000000000000000_2ARO19822014-12-082014-12-21  58672621.2/ARO/1982Circulation section 1General Book2014-12-08Central Library, BUET
Central Library, BUET 2014-12-09 5621_200000000000000_ARO_19822014-12-092014-12-15  58677621.2/ARO/1982Circulation section 1General Book2014-12-09Central Library, BUET
Central Library, BUET   6621_200000000000000_ARO_19822015-06-162015-06-16  58690621.2/ARO/1982Reading section  Reading Item2015-06-16Central Library, BUET
Central Library, BUET   7621_200000000000000_ARO_19822015-06-162015-06-16  58687621.2/ARO/1982Reading section  Reading Item2015-06-16Central Library, BUET
Central Library, BUET   8621_200000000000000_ARO_19822015-06-162015-06-16  58686621.2/ARO/1982Reading section  General Book2015-06-16Central Library, BUET
Central Library, BUET   9621_200000000000000_ARO_19822015-06-302015-06-30  58689621.2/ARO/1982Reading section  Reading Item2015-06-30Central Library, BUET
Central Library, BUET   10621_200000000000000_ARO_19822015-06-302015-06-30  58688621.2/ARO/1982Reading section  Reading Item2015-06-30Central Library, BUET
Central Library, BUET 2025-08-23 1621_200000000000000_ARO_19821984-08-052026-05-10  58680621.2/ARO/1982Circulation section 2General Book2021-04-04Central Library, BUET